000 00522nam a2200145 a 4500
008 120416s1964 ||||||||||||||||| || u
050 _aTK 7882.S7 Mal
100 _aMallory, Laurence
245 1 0 _aHI-FI and stereophonic sound
250 _a2nd. ed
260 _aSurrey
_bElliot Right Way Books
_c1964
300 _a(v), 123p. : ill
350 _a0.00
995 _D0.00
_FCBU-MAIN LIBRARY (Kitwe)
_H1
_I1.00
_UWEEDED
_VJul 26, 2017
_ZMain Library Open Access Collection
999 _c45507
_d45507